000 00467nam a2200145 a 4500
001 000031828
005 20200930063219.0
008 110706s20uu dr 000 0 spa d
040 _aDO-SdBNP
_bspa
_cBNPHU
110 1 _aSecretaría de Estado de Administración Pública
_930219
245 1 3 _aLo que todos deberíamos saber acerca de la ley No. 41-08 de funsión pública.
260 _a[Santo Domingo] :
_bSEAP,
_c[200?].
300 _a7 p. ;
_c22 cm.
049 _aBNPD
999 _c31320
_d31320